Länder mit Hinweisen #4 - Statistiken

Allgemein
  • Dieses Quiz wurde 465 mal gespielt
  • Das Durchschnittsergebnis liegt bei 5 aus 8
Antwortstatistiken
Hinweis Antwort % Korrekt
Die Hauptstadt dieses Landes ist Damaskus Syrien
83%
Dieses Land grenzt an alle oben genannte Länder: Türkei
74%
Die Währung dieses Landes ist der Rial sowie Toman Iran
73%
Dieses Land ist die Heimat der meisten Archäologischen Museen auf der Welt Griechenland
69%
In diesem Land ist die älteste jüdische Gemeinschaft der Welt Georgien
50%
In diesem Land wird Schach in der Schule geleehrt und es ist für die größe einer der besten Schachnation der Welt Armenien
49%
Dieses Land produziert 85% des weltweiten Rosenöls Bulgarien
48%
Die Flagge des Landes besteht aus: Rot, Hellblau, Weiß sowie Grün Aserbaidschan
45%
Keine übereinstimmenden Quizze gefunden
Verteilung der Resultate
Anzahl Personen mit jedem Resultat
Perzentil nach korrekt beantworteten Fragen
Ihre Resultats-Entwicklung
Sie haben dieses Quiz noch nicht gespielt